000 00323nam a2200121Ia 4500
008 220217s9999||||xx |||||||||||||| ||und||
082 _a005.13 GRE
100 _aGreg, Buczek
245 0 _aASP .net tips and technques
260 _aTata mcgraw hill
_bNew Delhi
_c2002
300 _b295
650 _aPROGRAMMING LANGUAGE
999 _c172275
_d172275